Cambridge first certificate in english 5 ( Student's book with answers )

Đã lưu trong:
Sonraí Bibleagrafaíochta
Príomhúdar: Paul Carne
Formáid: Leabhar
Teanga:Undetermined
Foilsithe: Cambridge, UK Cambridge Univ. Press 2001
Ábhair:
Clibeanna: Cuir Clib Leis
Gan Chlibeanna, Bí ar an gcéad duine leis an taifead seo a chlibeáil!
Thư viện lưu trữ: Trung tâm Học liệu Trường Đại học Cần Thơ
LEADER 00599nam a2200193Ia 4500
001 CTU_51804
008 210402s9999 xx 000 0 und d
020 |b 180000 
082 |a 428.24 
082 |b C289 
100 |a Paul Carne 
245 0 |a Cambridge first certificate in english 5 ( Student's book with answers ) 
245 0 |c Paul Carne, Louise Hamshemi and Barbara Thomas 
260 |a Cambridge, UK 
260 |b Cambridge Univ. Press 
260 |c 2001 
650 |a english language 
650 |x textbooks for foreign speakers 
980 |a Trung tâm Học liệu Trường Đại học Cần Thơ